| 000 | 00609nam a22001937a 4500 | ||
|---|---|---|---|
| 003 | OSt | ||
| 005 | 20160820174037.0 | ||
| 008 | 160820b xxu||||| |||| 00| 0 eng d | ||
| 020 | _a0071116133 | ||
| 082 |
_22006 _aDC 658.45 _bL79b |
||
| 100 |
_913365 _aLocker, Kitty O. |
||
| 245 |
_aBusiness and administrative communication/ _cKitty O. Locker. |
||
| 250 | _a7th edition | ||
| 260 |
_aBoston: _bMcGraw-Hill Irwin, _cc2006. |
||
| 300 |
_axxx, 686 pages: _bcolor illustrations; _c28 cm. |
||
| 500 | _aIncludes appendices, glossary and indexes. | ||
| 650 | 0 |
_913366 _aBusiness communication |
|
| 942 |
_2ddc _cDC |
||
| 999 |
_c3996 _d3996 |
||